Florence, Rome, and the origins of the Renaissance

The years between 1260 and 1320 saw in Tuscany the flourishing of a rich literary and artistic tradition that signalled the beginning of the Renaissance. This study sets out to place the remarkable cultural achievements of those early years in full historical perspective. Holmes describes the world...

全面介紹

Đã lưu trong:
書目詳細資料
主要作者: Holmes, George
格式: 圖書
語言:Undetermined
出版: Oxford Clarendon Press 1986
主題:
標簽: 添加標簽
沒有標簽, 成為第一個標記此記錄!
Thư viện lưu trữ: Trung tâm Học liệu Trường Đại học Cần Thơ
LEADER 01292nam a2200205Ia 4500
001 CTU_222953
008 210402s9999 xx 000 0 und d
082 |a 945.51 
082 |b H751 
100 |a Holmes, George 
245 0 |a Florence, Rome, and the origins of the Renaissance 
245 0 |c George Holmes 
260 |a Oxford 
260 |b Clarendon Press 
260 |c 1986 
520 |a The years between 1260 and 1320 saw in Tuscany the flourishing of a rich literary and artistic tradition that signalled the beginning of the Renaissance. This study sets out to place the remarkable cultural achievements of those early years in full historical perspective. Holmes describes the world of Dante and Giotto -- and the circumstances in which their innovations became possible -- through a thorough examination of the politics, economy, culture, and religion of early Renaissance Tuscany, explaining how each of these factors inflenced the art of the period. A comprehensive and abundantly-illustrated historical overview, this book will be welcomed by anyone interested in Renaissance art, literature, or history. 
650 |a Arts, Renaissance,Nghệ thuật, Phục hưng 
650 |z Italy,Ý 
904 |i Trúc 
980 |a Trung tâm Học liệu Trường Đại học Cần Thơ